00818nam a2200181Ia 4500100001900000942000700019654002800026245004200054260001900096082001700115546001200132999001700144952009500161952009500256952009500351952009500446952009500541 aPadaria/ I.M.  cBK aelectromagnectic fields aPrinciples of Electromagnetic Fields bTechnovac1997 a530.141bPAD aENGLISH c23809d23809 001040708CRCaCRCEbCRCEd2023-03-17l0o530.141 PADp11192r2023-03-17w2023-03-17yBK 001040708CRCaCRCEbCRCEd2023-03-17l0o530.141 PADp11193r2023-03-17w2023-03-17yBK 001040708CRCaCRCEbCRCEd2023-03-17l0o530.141 PADp11194r2023-03-17w2023-03-17yBK 001040708CRCaCRCEbCRCEd2023-03-17l0o530.141 PADp11195r2023-03-17w2023-03-17yBK 001040708CRCaCRCEbCRCEd2023-03-17l0o530.141 PADp11196r2023-03-17w2023-03-17yBK